000 00612nam a2200193Ia 4500
005 20250508164924.0
008 008 250505s9999 xx 000 0 eng d
037 _aDissertations
040 _aFEDL
_beng
_cFEDL
041 _aeng
_2eng
084 _a370.11, DHA/DI
_qFEDL
100 _aDhankar Neerja
_9540351
245 0 _aStudy of the methods of imparting value-education at senior secondary level in some selected schools of Delhi
260 _c1996
300 _a190p.
546 _aM.Ed. Dissertation (Delhi University)
942 _cDIS
_h370.11, DHA/DI
999 _c1392040
_d1392040